| 000 | 00000nam##2200000za#4500 |
| 001 | 9.590582 |
| 003 | CaOODSP |
| 005 | 20210624200208 |
| 007 | cr ||||||||||| |
| 008 | 150406|2015||||xxc|||||o f|0| 0 fre|d |
| 020 | |a978-1-100-54889-0 |
| 040 | |aCaOODSP|bfre |
| 041 | |aeng |
| 041 | |afre |
| 043 | |an-cn--- |
| 086 | 1 |aFR4-2015/2-PDF |
| 110 | 1 |aCanada.|bAffaires étrangères, Commerce et Développement Canada. |
| 245 | 10|aFrance / Mobilité des jeunes : |h[ressource électronique]|bAccord entre le Gouvernement du Canada et le Gouvernement de la République française relatif à la mobilité des jeunes, fait à Ottawa le 14 mars 2013, entrée en vigueur : le 1er janvier 2015 |
| 260 | |aOttawa - Ontario : |bAffaires étrangères, Commerce et Développement Canada |cc2014. |
| 300 | |a18p. |
| 490 | 1 |aRecueil des traités|v2015/2 |
| 590 | |a15-10|b2015-03-06 |
| 791 | |tFrance / Youth Mobility : |eeng|w(CaOODSP)9.590581 |
| 830 | #0|aRecueil des traités ;|v2015/2|w(CaOODSP)9.500662 |
| 856 | 40|ahttp://publications.gc.ca|qPDF|s159 Ko|uhttps://publications.gc.ca/collections/collection_2015/maecd-dfatd/FR4-2015-2.pdf|y2015/2 |